GODDESS OF VICTORY: NIKKE Bosses - Statistics

General Stats
  • This quiz has been taken 57 times
  • The average score is 16 of 20
Answer Stats
Picture Answer % Correct
Chatterbox
98%
Modernia
94%
Kraken
92%
Mother Whale
92%
Nihilister
92%
Grave Digger
88%
Black Smith
86%
Behemoth
84%
Harvester
82%
Indivilia
78%
Mirror Container
78%
Material H
76%
Ultra
76%
Crystal Chamber
75%
Gate Keeper
75%
Alteisen
73%
Storm Bringer
73%
Black Snake
69%
Land Eater
63%
Massive Object
51%
No matching quizzes found
Score Distribution
Percent of People with Each Score
Percentile by Number Answered
Your Score History
You have not taken this quiz